|
|
|
|
| LEADER |
00888nam a22002417a 4500 |
| 001 |
AAL1371 |
| 003 |
BD-DhAAL |
| 005 |
20160106222914.0 |
| 008 |
160106b19931987us a|||| |||| 00| 0 eng d |
| 020 |
|
|
|a 0205147208
|
| 040 |
|
|
|a BD-DhAAL
|c BD-DhAAL
|
| 082 |
|
|
|a 658.8/48
|
| 245 |
|
|
|a Global exchanges :
|b the Washington Post international marketing companion /
|c edited by T. Bettina Cornwell
|
| 260 |
|
|
|a Boston :
|b Allyn and Bacon,
|c c1993.
|
| 300 |
|
|
|a xi, 306 p. :
|b ill. ;
|c 23 cm.
|
| 541 |
|
|
|e 1371
|
| 650 |
|
|
|a Export marketing.
|9 17226
|
| 650 |
|
|
|a Aufsatzsammlung.
|9 17227
|
| 650 |
|
|
|a Internationales Marketing.
|9 17228
|
| 700 |
|
|
|a Cornwell, T. Bettina
|9 17229
|
| 942 |
|
|
|2 ddc
|c BK
|
| 999 |
|
|
|c 36560
|d 36560
|
| 952 |
|
|
|0 0
|1 0
|2 ddc
|4 0
|6 658_800000000000000_48_GLO
|7 0
|9 57540
|a SCL
|b SCL
|c GEN
|d 2016-01-06
|e Gift: The Asia Foundation
|l 0
|o 658.848 GLO
|p 3020001371
|r 2016-01-06
|t 1
|w 2016-01-06
|y BK
|